00586nam a2200205 a 4500001001300000003000900013005001700022008004100039020002300080082001600103100001700119245007300136260004300209300000900252500003500261505002800296650002300324650001600347700001700363nice12345678IN_TiNIC20260116014101.0110909s2011 oxfa grp 000 0 eng  a9781851686353c39500a232.96bLAW aLawson, Todd aCrucifixion and the Quranb A Study in the History of Muslim Thought aOxford bOne World Publications c2011 a179p aincludes index and biblioraphy2 aappendix, biblio, index aJesus Christ-Death aCrucifixion1 aLawson, Todd